| 000 | 00618cab a2200205 4500 | ||
|---|---|---|---|
| 001 | ABS39051 | ||
| 008 | 090401t1988 xxu||||| |||| 00| 0 eng d | ||
| 035 | _a(Sirsi) u14066 | ||
| 041 | _aeng | ||
| 100 | _aCurtis, M. | ||
| 245 | _aProtecting your property`s rights to adequate light | ||
| 260 | _c1988 | ||
| 350 | _a0 | ||
| 490 |
_aEstates Times _v(941) 22 April 1988, 12(1) |
||
| 520 | _aExamines right to light what it is, how it can be infringed and how you can prevent it being acquired. | ||
| 650 | _aPUGH V HOWELLS | ||
| 690 | _aHIGHWAYS RIGHTS OF WAY AND EASEMENTS | ||
| 942 | _n0 | ||
| 948 | _c04/03/1997 | ||
| 999 |
_c9118 _d9118 |
||